Evaluación de empresas y partes de empresa (Registro nro. 61116)

Detalles MARC
000 -LEADER
campo de control de longitud fija 00757nam a2200193 i 4500
001 - NÚMERO DE CONTROL
campo de control 61116
003 - IDENTIFICADOR DE NÚMERO DE CONTROL
campo de control ES-MaACL
005 - FECHA Y HORA DE LA ÚLTIMA TRANSACCIÓN
campo de control 20230906164356.0
007 - CAMPO FIJO DE DESCRIPCIÓN FÍSICA--INFORMACIÓN GENERAL
campo de control de longitud fija t|
008 - DATOS DE LONGITUD FIJA--INFORMACIÓN GENERAL
campo de control de longitud fija 031110s1962 sp ||||1| spa d
245 00 - MENCIÓN DEL TÍTULO
Título Evaluación de empresas y partes de empresa
Resto del título : reglas formuladas por la Comisión Especial U.E.C. /
Mención de responsabilidad, etc. traducido por Francisco Querendez.
260 ## - PUBLICACIÓN, DISTRIBUCIÓN, ETC.
Lugar de publicación, distribución, etc. Bilbao :
Nombre del editor, distribuidor, etc. Deusto,
Fecha de publicación, distribución, etc. [1962]
300 ## - DESCRIPCIÓN FÍSICA
Extensión XVI, 95 p. ;
Dimensiones 25 cm.
490 1# - MENCIÓN DE SERIE
Mención de serie Colección de la Unión Europea de los expertos contables, económicos y financieros
700 1# - ENTRADA AGREGADA--NOMBRE PERSONAL
Nombre de persona Querendez, Francisco.
9 (RLIN) 94534
830 0# - PUNTO DE ACCESO ADICIONAL DE SERIE-TÍTULO UNIFORME
Título uniforme Colección de la Unión Europea de los expertos contables, económicos y financieros
9 (RLIN) 230584
852 ## - LOCALIZACIÓN
Ubicación ES-MaACL
Número de control de estantería C-22433
Sublocalización o colección R.50610
Existencias
Estatus retirado Estado de pérdida Estado de daño No para préstamo Biblioteca de origen Biblioteca actual Ubicación en estantería Fecha de adquisición Fuente de adquisición Total de préstamos Signatura topográfica completa Código de barras Visto por última vez Precio de reemplazo Tipo de ítem Koha
        Biblioteca del Ateneo de Madrid Biblioteca del Ateneo de Madrid Galería 17/01/2008     C-22433 1064089 23/02/2023 23/02/2023 Libro impreso